| 000 | 00770nam a2200253Ia 4500 | ||
|---|---|---|---|
| 003 | OSt | ||
| 005 | 20220923230407.0 | ||
| 006 | a|||||r|||| 00| 0 | ||
| 007 | ta | ||
| 008 | Pun | ||
| 020 | _c120 | ||
| 024 | _a280,683 | ||
| 037 |
_b801, 09/03/2014, H.K. Prakashan _cTextual |
||
| 040 |
_aARTS _cARTS _bPun |
||
| 041 |
_2Pun _aPun |
||
| 082 | _aO153,3N37,JB, M3;N7 | ||
| 100 | _aਜੋਗੀ, ਚੰਦਨ | ||
| 245 | 0 | _aਜਲ ਬਿਨੁ ਕੁੰਭੁ | |
| 260 |
_aਦਿੱਲੀ _b ਆਰਸੀ ਪਬਲਿFਰਗ਼ _c1997 |
||
| 300 |
_a159ਪੰ _ccm. |
||
| 650 | _aਪੰਜਾਬੀ ਸਾਹਿਤ | ||
| 942 |
_hO153,3N37,JB, M3;N7 _cTEXL _2CC |
||
| 999 |
_c384517 _d384517 |
||